000 00263nam a2200109Ia 4500
008 240625s9999 xx 000 0 und d
041 _aeng
082 _a363.60954 3IN
100 _a3I NETWORK
245 _aINDIA INFRASTRUCTURE REPORT 2008 BUSINES
260 _c2008
999 _c38256
_d38256